header

Financial inclusion, innovation, and investments (Record no. 143422)

MARC details
000 -LEADER
fixed length control field 01946nam a2200397 a 4500
245 00 - TITLE STATEMENT
Title Financial inclusion, innovation, and investments
260 ## - PUBLICATION, DISTRIBUTION, ETC. (IMPRINT)
Place of publication Singapore :
Name of publisher World Scientific Pub. Co. Inc.,
Year of publication 2011.
300 ## - PHYSICAL DESCRIPTION
Number of Pages xxi, 248 p. :
Other physical details ill. (some col.)
500 ## - GENERAL NOTE
General note "... presentations made at the international symposium on "Financial Inclusion, Innovation, and Investments: Biotechnology and Capital Markets Working for the Poor" held at Cornell University from April 20th to 21st, 2007"--Foreword.
505 0# - FORMATTED CONTENTS NOTE
Formatted contents note pt. 1. Financial markets and the poor -- pt. 2. Biotechnology and the poor -- pt. 3. Foreign direct investment.
650 #0 - SUBJECT ADDED ENTRY--TOPICAL TERM
Topical Term Poor
Topical Term Economic assistance
Topical Term Investments, Foreign
Topical Term Poverty
Topical Term Capital market
700 1# - ADDED ENTRY--PERSONAL NAME
Personal name Christy, Ralph D.
Personal name Bogan, Vicki L.
856 40 - ELECTRONIC LOCATION AND ACCESS
Uniform Resource Identifier http://site.ebrary.com/lib/rucke/Doc?id=10524622

No items available.

© 2026 Rongo University
Contact us: librarian | system librarian | Rongo university